Coaching, mint karrierépítő eszköz Az egyetemi hallgatók személyes fejlődésének támogatása
| Szerző: | |
|---|---|
| További közreműködők: | |
| Dokumentumtípus: | Diplomadolgozat |
| Kulcsszavak: | coaching felsőoktatás karrierépítés karriertámogatás pályakezdés |
| Online Access: | http://dolgozattar.uni-bge.hu/59939 |
MARC
| LEADER | 00000nta a2200000 i 4500 | ||
|---|---|---|---|
| 001 | dolg59939 | ||
| 005 | 20260409145755.0 | ||
| 008 | 260409suuuu hu om 000 hun d | ||
| 040 | |a BGE Dolgozattár Repozitórium |b hun | ||
| 041 | |a hu | ||
| 100 | 1 | |a Kövér Rita | |
| 245 | 1 | 0 | |a Coaching, mint karrierépítő eszköz |b Az egyetemi hallgatók személyes fejlődésének támogatása |c Kövér Rita |h [elektronikus dokumentum] |
| 520 | 3 | |a A munkaerőpiacra történő belépés, valamint az egyetemi tanulmányok lezárását követő átmeneti időszak a frissdiplomások számára gyakran komoly kihívásokkal jár. A pályakezdő fiatalok sok esetben szembesülnek az önbizalomhiánnyal, a gyakorlati készségek hiányosságaival és a jövővel kapcsolatos bizonytalanságokkal. Habár a felsőoktatás legfőbb célja a szakmai ismeretek átadása, a karrierépítéshez szükséges készségek, illetve az önismereti fejlődés gyakran kevésbé kap hangsúlyt az egyetemi évek során. Szakdolgozatomban azt vizsgáltam, hogy a coaching mint fejlesztő módszer milyen lehetőségeket kínálhat a hallgatók számára ezen kihívások leküzdésében. A kutatás célja annak feltárása volt, hogy mennyire ismerik és hogyan viszonyulnak a hallgatók a coachinghoz, valamint hogy milyen mértékben tartják ezt a módszert hasznosnak a személyes és szakmai fejlődésük, illetve a pályakezdés szempontjából. A kérdőíves kutatás kvantitatív eredményeit egy kvalitatív interjúval egészítettem ki, amelyben egy gyakorló coach szakmai nézőpontját is bemutattam. Az eredmények azt mutatják, hogy a coaching bevezetése a felsőoktatásba valós és érdemi segítséget nyújthat a fiatalok számára a karrierjük tudatosabb építésében és az átmeneti időszak nehézségeinek kezelésében. | |
| 695 | |a coaching | ||
| 695 | |a felsőoktatás | ||
| 695 | |a karrierépítés | ||
| 695 | |a karriertámogatás | ||
| 695 | |a pályakezdés | ||
| 700 | 1 | |a Szénich Dr. Alexandra Emőke |e ths | |
| 856 | 4 | 0 | |u http://dolgozattar.uni-bge.hu/59939/1/K%C3%B6v%C3%A9r_Rita_szakdolgozat_2025.pdf |z Dokumentum-elérés |
| 856 | 4 | 0 | |u http://dolgozattar.uni-bge.hu/59939/2/K%C3%B6v%C3%A9r_Rita_konzulensi_b%C3%ADr%C3%A1lat.pdf |z Dokumentum-elérés |
| 856 | 4 | 0 | |u http://dolgozattar.uni-bge.hu/59939/3/K%C3%B6v%C3%A9r_Rita_KSZ_szok%C3%A1cskinga.pdf |z Dokumentum-elérés |